[Event "Mittelrhein Regionalliga 18/19"]
[Site "Nordrheinwestfalen"]
[Date "2019.05.19"]
[Round "11.8"]
[White "Muslumov, Osman"]
[Black "Heimfarth, Birgit"]
[Result "1-0"]
[WhiteElo "1682"]
[BlackElo "1393"]
[PlyCount "47"]
[EventDate "2018.10.28"]
[EventType "team-tourn"]
[EventRounds "11"]
[EventCountry "GER"]
[SourceTitle "EXT 2022"]
[Source "ChessBase"]
[SourceDate "2021.10.06"]
[SourceVersion "1"]
[SourceVersionDate "2021.10.06"]
[SourceQuality "1"]
[WhiteTeam "Bonn Beuel"]
[BlackTeam "Koeln Ford SF"]
[WhiteTeamCountry "GER"]
[BlackTeamCountry "GER"]

1. d4 d5 2. c4 Nf6 3. Nf3 Bf5 4. Nc3 e6 5. Qb3 b6 6. Bg5 c6 7. e3 Be7 8. Rc1 0-0 9. Nh4 Ne4 10. Bxe7 Qxe7 11. Nxf5 exf5 12. cxd5 Nxc3 13. Rxc3 c5 14. dxc5 bxc5 15. Bb5 Rc8 16. 0-0 Nd7 17. Bxd7 Qxd7 18. Rd1 Qd6 19. Qc2 g6 20. b4 Rd8 21. bxc5 Qe5 22. d6 Rd7 23. Rcd3 Rb8 24. c6 1-0